| 000 | 03289nam0a2200493 4500 | ||
|---|---|---|---|
| 001 | RU\NLR\BIBL_A\022702257 | ||
| 005 | 20260408150534.0 | ||
| 010 |
_a978-5-87781-048-8 _9500 |
||
| 035 | _a(NLR Aleph) 022702257 | ||
| 090 |
_a13540243 _c13540243 |
||
| 100 | _a20260116d2014 k y0rusy50 ca | ||
| 101 | 2 |
_arus _cita _dita |
|
| 102 | _aRU | ||
| 105 | _aach z 100zy | ||
| 181 | 0 |
_ai3 _b xxe |
|
| 181 | 0 |
_ab1 _b b2e |
|
| 182 | 0 | _an | |
| 200 | 1 |
_aОбразы Италии в России – Петербурге – Пушкинском Доме _dImmagini d'Italia in Russia – a Pietroburgo – al Puškinskij Dom _eсборник _e[по материалам конференции 2012 г.] _fИнститут русской литературы (Пушкинском Дом) Российской академии наук ... Исследовательский центр Вячеслава Иванова в Риме _gответственный редактор: А. Б. Шишкин _zita |
|
| 203 |
_aТекст _aИзображение _bвизуальные _cнепосредственные |
||
| 210 |
_aСанкт-Петербург _cИзд-во Пушкинского Дома _d2014 |
||
| 215 |
_a278, [1] с., [8] л. цв. ил., портр., факс. _cил., портр., факс. _d23 |
||
| 225 | 1 |
_aРоссия – Запад – Восток _dRussia – Occidente – Oriente _eлитературные и культурные связи _fредкол.: В. Е. Багно [и др.] _vвып. 2 _zita |
|
| 300 | _aРез. ст. итал. | ||
| 320 | _aБиблиогр. в подстроч. примеч. | ||
| 327 | 1 | _aВ сб. включены ст. в пер. с итал. | |
| 510 | 1 |
_aImmagini d'Italia in Russia – a Pietroburgo – al Puškinskij Dom _zita |
|
| 607 |
_aИталия _jСъезды, совещания и т.п _xв изобразительном искусстве _92615983 _3RU\NLR\AUTH\661552542 |
||
| 607 |
_aИталия _jСъезды, совещания и т.п _xв литературе русской _92403956 _3RU\NLR\AUTH\661432792 |
||
| 607 |
_aИталия _jСъезды, совещания и т.п _xКультурные связи _yРоссия _92203041 _3RU\NLR\AUTH\661323756 |
||
| 607 |
_aРоссия _jСъезды, совещания и т.п _xКультурные связи _yИталия _92203043 _3RU\NLR\AUTH\661323757 |
||
| 686 | 1 | _aТ3(2)0-63(4Ит)я431 | |
| 686 | 1 | _aТ3(4Ит)0-63(2)я431 | |
| 686 | 1 | _aЩ103(4Ит)-3я431 | |
| 686 | 1 | _aШ5(2=Р)-34я431 | |
| 702 | 1 |
_aШишкин _bА. Б. _f1954- _gАндрей Борисович _4340 |
|
| 711 | 1 | 2 |
_a"Образы Италии в России - Петербурге - Пушкинском Доме", конференция _f2012 _eСанкт-Петербуг _3RU\NLR\AUTH\880637655 _92693795 |
| 712 | 0 | 2 |
_4475 _aИнститут русской литературы _cСанкт-Петербург _3RU\NLR\AUTH\889987635 _9470889 |
| 712 | 0 | 2 |
_4570 _aИсследовательский центр В. Иванова _cРим _3RU\NLR\AUTH\8810244128 _9374093 |
| 942 | _cBOOK | ||
| 980 | _aNB | ||